000 00783nam a2200193 i 4500
001 165882
003 ES-MaACL
005 20230906213225.0
008 030324s1876 sp |||| | spa d
040 _aCAM
_bspa
_cCAM
100 1 _aSuénder, Enrique (
_d1829-1897)
_9108728
245 1 0 _aDe la intoxicación urinaria /
_cpor E. Suender.
260 _aMadrid :
_bLibrería de Cárlos Bailly-Bailliere,
_c1876 (
_fImp. de G. Gómez Fuentenebro)
300 _a42 p. ;
_c26 cm.
530 _aDisponible en formato digital.
650 0 4 _aAparato urinario-
_xEnfermedades.
_99913
852 _aES-MaACL
_jT-205-F-13
_z-- Enc. hol., falto de la enc. original
_z-- Enc. en un vol. facticio
856 _uhttp://bdh-rd.bne.es/viewer.vm?id=0000109184&page=1
_zBiblioteca Digital Hispánica
999 _c165882
_d165882